000 01269nam a22003497a 4500
001 350
003 FISKH
005 20230328134628.0
008 230328b cb ||||| |||| 00| 0 eng d
020 _a9780142408797
040 _aDLC
_cDLC
_dDLC
_dFISKH
_beng
042 _alcac
050 0 0 _aPZ7.B6265
082 0 0 _a813.54
_222
100 1 _aBlume, Judy.
245 1 0 _aOtherwise known as Sheila the Great /
_cJudy Blume.
260 _aNew York :
_bPuffin Books,
_c2007.
300 _a138 pages. ;
_c20 cm.
505 _aK
520 _aSpending the summer in Tarrytown, New York, is a lot of fun for ten-year-old Sheila even though her friends make her face up to some self-truths she does not want to admit.
521 8 _a590
_bLexile
521 8 _aK
_bRaz-Plus
650 1 _aSelf-acceptance
_vFiction.
650 1 _aFriendship
_vFiction.
650 1 _aConduct of life
_vFiction.
650 1 _aVacations
_vFiction.
650 1 _aTarrytown (N.Y.)
_vFiction.
856 4 2 _3Contributor biographical information
_uhttp://www.loc.gov/catdir/enhancements/fy0716/2004270847-b.html
856 4 2 _3Publisher description
_uhttp://www.loc.gov/catdir/enhancements/fy0716/2004270847-d.html
906 _a7
_bcbc
_corigcop
_d3
_encip
_f20
_gy-gencatlg
942 _2ddc
_cBK
_n0
999 _c350
_d350